Worktext in college trigonometry (Record no. 18577)
[ view plain ]
| 000 -LEADER | |
|---|---|
| fixed length control field | 00539nam a22002057a 4500 |
| 003 - CONTROL NUMBER IDENTIFIER | |
| control field | OSt |
| 005 - DATE AND TIME OF LATEST TRANSACTION | |
| control field | 20140310183045.0 |
| 008 - FIXED-LENGTH DATA ELEMENTS--GENERAL INFORMATION | |
| fixed length control field | 130227t xxu||||| |||| 00| 0 eng d |
| 020 ## - INTERNATIONAL STANDARD BOOK NUMBER | |
| International Standard Book Number | 9789715847520 |
| 050 ## - LIBRARY OF CONGRESS CALL NUMBER | |
| Classification number | QA531 |
| Item number | .D671 2008 |
| 082 ## - DEWEY DECIMAL CLASSIFICATION NUMBER | |
| Classification number | FIL 516.24 |
| Item number | W89 2008 |
| 245 ## - TITLE STATEMENT | |
| Title | Worktext in college trigonometry |
| Statement of responsibility, etc | Domingo, A. C. |
| 260 ## - PUBLICATION, DISTRIBUTION, ETC. (IMPRINT) | |
| Place of publication, distribution, etc | Quezon City |
| Name of publisher, distributor, etc | C & E Publishing |
| Date of publication, distribution, etc | 2008 |
| 300 ## - PHYSICAL DESCRIPTION | |
| Extent | 134 p. |
| Dimensions | 26 cm. |
| 521 ## - TARGET AUDIENCE NOTE | |
| Target audience note | |
| 526 ## - STUDY PROGRAM INFORMATION NOTE | |
| Reading level | 1210L-1700L |
| 541 ## - IMMEDIATE SOURCE OF ACQUISITION NOTE | |
| -- | 1 |
| 562 ## - COPY AND VERSION IDENTIFICATION NOTE | |
| Number of copies | 4 |
| 942 ## - ADDED ENTRY ELEMENTS (KOHA) | |
| Source of classification or shelving scheme | Library of Congress Classification |
| Koha item type | Books |
| Call number prefix | Filipininana |
| Withdrawn status | Lost status | Source of classification or shelving scheme | Damaged status | Home library | Current library | Shelving location | Date acquired | Source of acquisition | Total Checkouts | Full call number | Barcode | Date last seen | Copy number | Price effective from | Koha item type |
|---|---|---|---|---|---|---|---|---|---|---|---|---|---|---|---|
| Library of Congress Classification | Archives | Archives | 02/27/2013 | Donation | QA531 .D671 2008 | C10611 | 05/08/2018 | 1 | 02/27/2013 | Books | |||||
| Library of Congress Classification | Archives | Archives | 04/18/2013 | Donation | QA531 .D671 2008 | C10644 | 10/30/2014 | 2 | 04/18/2013 | Books | |||||
| Library of Congress Classification | Archives | Archives | 04/18/2013 | Donation | QA531 .D671 2008 | C10643 | 05/08/2018 | 3 | 04/18/2013 | Books | |||||
| Library of Congress Classification | Archives | Archives | 04/18/2013 | Donation | QA531 .D671 2008 | C14361 | 05/08/2018 | 4 | 04/18/2013 | Books |